Storočie zmien sobášnosti a rozvodovosti v Českej republike a v Slovenskej republike
Hodnotenie vývoja intenzity, časovania vstupov do manželstva, ako aj vývoj rizika rozvodu v kontexte celospoločenských a politických zmien a legislatívnych opatrení.
Enregistré dans:
| Auteur principal: | |
|---|---|
| Autres auteurs: | |
| Format: | Chapitre de livre |
| Langue: | slovaque |
| Sujets: | |
| Tags: |
Pas de tags, Soyez le premier à ajouter un tag!
|
MARC
| LEADER | 00000naa a2200000 4500 | ||
|---|---|---|---|
| 001 | 0246507 | ||
| 005 | 20220728114642.5 | ||
| 041 | 0 | |a slo | |
| 044 | |a SK | ||
| 245 | 1 | 0 | |a Storočie zmien sobášnosti a rozvodovosti v Českej republike a v Slovenskej republike |c Branislav Šprocha, Luděk Šídlo |
| 520 | |a Hodnotenie vývoja intenzity, časovania vstupov do manželstva, ako aj vývoj rizika rozvodu v kontexte celospoločenských a politických zmien a legislatívnych opatrení. | ||
| 610 | 2 | 0 | |a Slovensko |
| 610 | 2 | 0 | |a Česko |
| 610 | 2 | 0 | |a manželstvo |
| 610 | 2 | 0 | |a vývoj populačný |
| 610 | 2 | 0 | |a štatistika demografická |
| 610 | 2 | 0 | |a legislatíva |
| 100 | 1 | |a Šprocha, Branislav | |
| 700 | 1 | |a Šídlo, Luděk | |